Effectif West Ham United saison 2023/2024 - Statistiques

Statistiques générales
  • Ce quiz a été pris 340 fois
    76 depuis la dernière actualisation
  • Le résultat moyen est 13 sur 23
Statistiques - réponses
Hint Réponse % Correct
G Alphonse Areola
95%
M Lucas Paqueta
95%
G Lukasz Fabianski
85%
A Jarrod Bowen
82%
A Michail Antonio
82%
D Kurt Zouma
79%
M Tomas Soucek
74%
D Vladimir Coufal
74%
D Emerson
72%
M Mohammed Kudus
72%
D Nayef Aguerd
67%
Coach David Moyes
64%
M James Ward-Prowse
64%
M Edson Álvarez
59%
D Aaron Cresswell
56%
D Konstantínos Mavropános
38%
D Angelo Ogbonna
36%
D Ben Johnson
31%
A Danny Ings
26%
A Maxwel Cornet
23%
M Kalvin Phillips
18%
A Divin Mubama
15%
G Joseph Anang
15%
Aucun quiz correspondant
Distribution des résultats
% des personnes avec chaque résultat
Percentile par nombre de réponses
Votre historique - résultats
Vous n’avez pas pris ce quiz depuis la dernière actualisation